01675nam a2200409 i 450000100060000000300080000600500170001400600190003100700150005000800410006502000270010602000180013303500230015103500240017403500250019803500210022304000310024405000220027508200140029710000210031124500890033225000230042126401390044430000410058333600310062433700330065533800430068850400640073158801240079559001640091965000290108365000280111265500270114079700190116785600620118699900170124835362FlNmELB20241216221330.0m o d | cr cnu||||||||150608s2006 mx ob f000 0 spa d a9781512900354 (e-book) z9789707017245 a(MiAaPQ)EBC3229027 a(Au-PeEL)EBL3229027 a(CaPaEBR)ebr11046094 a(OCoLC)991990844 aFINmELBbspaerdacFINmELB 4aPN4731b.R66 20060 a070.42231 aRomero, Lourdes.13aLa realidad construida en el periodismo :breflexiones teóricas /cLourdes Romero. aPrimera edición. 1aMéxico, D.F. :bUniversidad Nacional Autónoma de México, Facultad de Ciencias Políticas y Sociales :bM. Á. Porrúa,c2006. a1 recurso en línea (197 páginas) atextobtxt2rdacontent/spa acomputadorabc2rdamedia/spa arecurso en líneabcr2rdacarrier/spa aIncluye referencias bibliográficas (páginas: 183-197). aDescripción basada en recurso en línea; Título de la página del título en PDF (e-libro, visto June 08, 2015). aRecurso electrónico. Santa Fe, Arg.: e-libro, 2015. Disponible vía World Wide Web. El acceso puede estar limitado para las bibliotecas afiliadas a e-libro. 4aPeriodismoxFilosofía. 0aJournalismxPhilosophy. 4aLibros electrónicos.2 ae-libro, Corp.40uhttps://elibro.net/ereader/politecnicointernacional/75276 c35362d35362